LEADER 00979nam a2200277 i 4500 001 991000534659707536 005 20020503183650.0 008 961107s1994 it ||| | ita 020 $a8813188951 035 $ab10091890-39ule_inst 035 $aLE02517812$9ExL 040 $aFac. Economia$bita 082 0 $a346.074 100 1 $aPeccenini, Flavio$0234447 245 13$aLa finzione di avveramento della condizione /$cFlavio Peccenini 260 $aPadova :$bCedam,$c1994 300 $aviii, 132 p. ;$c25 cm 440 3$aLe monografie di Contratto e impresa ;$v31 650 4$aFictiones juris 650 4$aCondizioni 907 $a.b10091890$b19-12-14$c27-06-02 912 $a991000534659707536 945 $aLE025 ECO 346 PEC01.01$g1$i2025000026391$lle025$o-$pE0.00$q-$rl$s- $t0$u0$v0$w0$x0$y.i10107022$z27-06-02 996 $aFinzione di avveramento della condizione$9196500 997 $aUNISALENTO 998 $ale025$b01-01-96$cm$da $e-$fita$git $h3$i1